How to prepare for the TOEFL test : (Record no. 543483)

000 -LEADER
fixed length control field 00929cam a2200253 a 4500
020 ## - INTERNATIONAL STANDARD BOOK NUMBER
International Standard Book Number 0764123157
020 ## - INTERNATIONAL STANDARD BOOK NUMBER
International Standard Book Number 0764175769
020 ## - INTERNATIONAL STANDARD BOOK NUMBER
International Standard Book Number 0764175785
082 00 - DEWEY DECIMAL CLASSIFICATION NUMBER
Classification number 428.0076
Author Mark SHA
-- N-01, P-146
100 1# - MAIN ENTRY--PERSONAL NAME
Personal name Sharpe, Pamela J.
9 (RLIN) 24868
245 10 - TITLE STATEMENT
Title How to prepare for the TOEFL test :
Remainder of title test of English as a foreign language /
Statement of responsibility, etc. Barron, Pamela J. Sharpe.
250 ## - EDITION STATEMENT
Edition statement 11th ed.
260 ## - PUBLICATION, DISTRIBUTION, ETC.
Place of publication, distribution, etc. Hauppauge, N.Y. :
Name of publisher, distributor, etc. Barron's,
Date of publication, distribution, etc. 2004.
300 ## - PHYSICAL DESCRIPTION
Extent x, 740 p. :
Other physical details ill. ;
Dimensions 28 cm.
526 ## - STUDY PROGRAM INFORMATION NOTE
Program name 0
Interest level 0
Reading level 0
Title point value 428_007600000000000_SHA
526 ## - STUDY PROGRAM INFORMATION NOTE
Program name 0
Interest level 0
Reading level 0
Title point value 428_007600000000000_SHA
526 ## - STUDY PROGRAM INFORMATION NOTE
Program name 0
Interest level 1
Reading level 0
Title point value 428_007600000000000_SHA
650 #0 - SUBJECT ADDED ENTRY--TOPICAL TERM
Topical term or geographic name entry element English language
General subdivision Examinations
9 (RLIN) 38860
650 #0 - SUBJECT ADDED ENTRY--TOPICAL TERM
Topical term or geographic name entry element MCE
9 (RLIN) 379
650 #0 - SUBJECT ADDED ENTRY--TOPICAL TERM
Topical term or geographic name entry element Test of English as a Foreign Language
856 41 - ELECTRONIC LOCATION AND ACCESS
Uniform Resource Identifier <a href="http://www.loc.gov/catdir/enhancements/fy0615/2003070920-t.html">http://www.loc.gov/catdir/enhancements/fy0615/2003070920-t.html</a>
856 42 - ELECTRONIC LOCATION AND ACCESS
Uniform Resource Identifier <a href="http://www.loc.gov/catdir/enhancements/fy0615/2003070920-d.html">http://www.loc.gov/catdir/enhancements/fy0615/2003070920-d.html</a>
942 ## - ADDED ENTRY ELEMENTS (KOHA)
Source of classification or shelving scheme
Koha item type Book
Holdings
Withdrawn status Lost status Source of classification or shelving scheme Damaged status Not for loan Permanent Location Current Location Date acquired Total Checkouts Full call number Barcode Date last seen Price effective from Koha item type Date last checked out
          Military College of Engineering (MCE) Military College of Engineering (MCE) 03/25/2014   428.0076 SHA MCE-38221 03/25/2014 03/25/2014 Book  
          Military College of Engineering (MCE) Military College of Engineering (MCE) 03/25/2014 1 428.0076 SHA MCE-38222 10/04/2018 03/25/2014 Book 10/27/2015
          Military College of Engineering (MCE) Military College of Engineering (MCE) 03/25/2014 3 428.0076 SHA MCE-38220 07/11/2018 03/25/2014 Book 07/11/2018
© 2023 Central Library, National University of Sciences and Technology. All Rights Reserved.